Germany WC 2026 Squad - Statistiken

Allgemein
  • Dieses Quiz wurde 29 mal gespielt
  • Das Durchschnittsergebnis liegt bei 24 aus 26
Antwortstatistiken
Jersey
Number
Club Position Player % Korrekt
1 FC Bayern München Goalkeeper Manuel Neuer
100%
2 Real Madrid Defender Antonio Rüdiger
96%
26 VFBStuttgart Attacker Deniz Undav
96%
17 Liverpool FC Midfielder/Winger Florian Wirtz
96%
10 FC Bayern München Midfielder/Winger Jamal Musiala
96%
6 FC Bayern München Fullback/Midfielder Joshua Kimmich
96%
7 FC Arsenal London Attacker Kai Havertz
96%
19 Galatasaray Istanbul Winger Leroy Sane
96%
18 Eintracht Frankfurt Fullback Nathaniel Brown
96%
15 Borussia Dortmund Defender Nico Schlotterbeck
96%
12 TSGHoffenheim Goalkeeper Oliver Baumann
96%
5 FC Bayern München Midfielder Aleksander Pavlovic
93%
21 VFBStuttgart Goalkeeper Alexander Nübel
93%
22 RB Leipzig Fullback David Raum
93%
13 FC Brighton &Hove Albion Midfielder Pascal Groß
93%
23 Borussia Dortmund Midfielder Felix Nmecha
89%
25 FC Bayern München Winger Lennart Karl
89%
8 FC Bayern München Midfielder Leon Goretzka
89%
14 Borussia Dortmund Attacker Maximilian Beier
89%
11 Newcastle United Midfielder/Attacker Nick Woltemade
89%
9 VFB Stuttgart Winger Jamie Leweling
85%
4 FC Bayern München Defender Jonathan Tah
85%
20 Mainz 05 Midfielder Nadiem Amiri
85%
3 Borussia Dortmund Defender Waldemar Anton
85%
16 VFB Stuttgart Midfielder Angelo Stiller
78%
24 Newcastle United Defender Malick Thiaw
74%
Keine übereinstimmenden Quizze gefunden
Verteilung der Resultate
Anzahl Personen mit jedem Resultat
Perzentil nach korrekt beantworteten Fragen
Ihre Resultats-Entwicklung
Sie haben dieses Quiz noch nicht gespielt